The road to Kadesh : a historical interpretation of the battle reliefs of King Sety I at Karnak /

محفوظ في:

المؤلف الرئيسي: Murnane, William J. (مؤلف)

التنسيق: كتاب

اللغة: English

منشور في: Chicago, Ill. : Oriental Institute of the University of Chicago, c1990.

الطبعة: 2nd ed. rev.

سلاسل: Studies in Ancient Oriental Civilization, 42.
SAOC ; 42.

الموضوعات:

الوسوم: إضافة وسم

لا توجد وسوم, كن أول من يضع وسما على هذه التسجيلة!

رقم الطلب: DS57 .C5 v.42

LEADER 01126nam a2200337 a 4500
001 1873
003 OSt
005 20260312081551.0
008 130303s1990 ilub b 001 0 eng d
010 |a 84062072 
020 |a 0918986435 
035 |a (OCoLC)12983879 
035 |a 756328 
040 |c ARCE Library 
043 |a f-ua---  |a a-tu--- 
050 4 |a DS57 .C5 v.42 
100 1 |a Murnane, William J.,  |e author 
245 1 4 |a The road to Kadesh :  |b a historical interpretation of the battle reliefs of King Sety I at Karnak /  |c William J. Murnane. 
250 |a 2nd ed. rev. 
264 1 |a Chicago, Ill. :  |b Oriental Institute of the University of Chicago,  |c c1990. 
300 |a xvi, 157 pages :   |b maps ;  |c 26 cm. 
490 0 |a Studies in Ancient Oriental Civilization,   |x 0081-7554 ;   |v 42. 
490 0 |a SAOC ;   |v 42. 
504 |a Includes bibliographical references and index. 
600 0 0 |a Seti  |b I,  |c King of Egypt. 
650 0 |a Hittites  |x History. 
650 0 |a Bas-relief  |z Egypt  |z Karnak. 
651 0 |a Egypt  |x History  |y Eighteenth dynasty, ca. 1570-1320 B.C. 
901 |a reviewed 
942 |c BK  |2 lcc 
999 |c 5731  |d 5731